Motores eléctricos... / (Record no. 34782)

MARC details
000 -LEADER
campo de control de longitud fija 00561nam a2200181 i 4500
001 - NÚMERO DE CONTROL
campo de control 34782
003 - IDENTIFICADOR DE NÚMERO DE CONTROL
campo de control ES-MaACL
005 - FECHA Y HORA DE LA ÚLTIMA TRANSACCIÓN
campo de control 20240131215212.0
007 - CAMPO FIJO DE DESCRIPCIÓN FÍSICA--INFORMACIÓN GENERAL
campo de control de longitud fija t|
008 - DATOS DE LONGITUD FIJA--INFORMACIÓN GENERAL
campo de control de longitud fija 030211s1962 sp ||||1| spa d
100 1# - ENTRADA PRINCIPAL--NOMBRE DE PERSONA
Nombre de persona Bonnafous, E.
9 (RLIN) 30218
245 10 - MENCIÓN DEL TÍTULO
Título Motores eléctricos... /
Mención de responsabilidad, etc. por E. Bonnafous ; [traducción de Carlos Murciano].
260 ## - PUBLICACIÓN, DISTRIBUCIÓN, ETC.
Lugar de publicación, distribución, etc. Barcelona :
Nombre del editor, distribuidor, etc. Gustavo Gili,
Fecha de publicación, distribución, etc. 1962.
300 ## - DESCRIPCIÓN FÍSICA
Extensión 288 p., 4 lám. :
Otras características físicas il. ;
Dimensiones 22 cm.
700 1# - ENTRADA AGREGADA--NOMBRE PERSONAL
Nombre de persona Murciano, Carlos,
Fechas asociadas al nombre 1931-
9 (RLIN) 153351
852 ## - LOCALIZACIÓN
Ubicación ES-MaACL
Número de control de estantería C-22465
Sublocalización o colección R.51069
Holdings
Estatus retirado Estado de pérdida Estado de daño No para préstamo Biblioteca de origen Biblioteca actual Ubicación en estantería Fecha de adquisición Fuente de adquisición Total de préstamos Signatura topográfica completa Código de barras Visto por última vez Precio de reemplazo Tipo de ítem Koha
        Biblioteca del Ateneo de Madrid Biblioteca del Ateneo de Madrid Galería 17/01/2008     C-22465 1036303 23/02/2023 23/02/2023 Libro impreso